000 00295nam a22001337a 4500
008 170223b xxu||||| |||| 00| 0 eng d
020 _a9780721685458
041 _aeng
080 _22 ED
_a616 31
100 _a5
101 _aSHS
245 _aDENTAL RADIOGRAPHY
_cHARING..J.I
942 _2udc
_cBK
999 _c6176
_d6176